Civil litigation / (Record no. 20520)
[ view plain ]
| 000 -LEADER | |
|---|---|
| fixed length control field | 01261nam a22003617a 4500 |
| 001 - CONTROL NUMBER | |
| control field | 15959435 |
| 003 - CONTROL NUMBER IDENTIFIER | |
| control field | OSt |
| 005 - DATE AND TIME OF LATEST TRANSACTION | |
| control field | 20210219114658.0 |
| 008 - FIXED-LENGTH DATA ELEMENTS--GENERAL INFORMATION | |
| fixed length control field | 170109b xxu||||| |||| 00| 0 eng d |
| 010 ## - LIBRARY OF CONGRESS CONTROL NUMBER | |
| LC control number | 2009482511 |
| 020 ## - INTERNATIONAL STANDARD BOOK NUMBER | |
| International Standard Book Number | 9781552393185 |
| 020 ## - INTERNATIONAL STANDARD BOOK NUMBER | |
| International Standard Book Number | 1552393186 |
| 040 ## - CATALOGING SOURCE | |
| Original cataloging agency | MMU |
| Language of cataloging | eng |
| Transcribing agency | MMU |
| Modifying agency | MMU |
| -- | MMU |
| 050 00 - LIBRARY OF CONGRESS CALL NUMBER | |
| Classification number | KF8840 |
| Item number | .O45 2006 |
| 055 00 - CLASSIFICATION NUMBERS ASSIGNED IN CANADA | |
| Classification number | KEO1119 |
| Item number | O45 2009 fol. |
| 082 04 - DEWEY DECIMAL CLASSIFICATION NUMBER | |
| Classification number | 347.713/05 |
| Edition number | 22 |
| 100 1# - MAIN ENTRY--PERSONAL NAME | |
| Personal name | Olivo, Laurence M., |
| Dates associated with a name | 1946- |
| 245 10 - TITLE STATEMENT | |
| Title | Civil litigation / |
| Statement of responsibility, etc. | Laurence Olivo and Mary Ann Kelly. |
| 250 ## - EDITION STATEMENT | |
| Edition statement | 2nd ed. |
| 260 ## - PUBLICATION, DISTRIBUTION, ETC. (IMPRINT) | |
| Place of publication, distribution, etc. | Toronto : |
| Name of publisher, distributor, etc. | Emond Montgomery Publications, |
| Date of publication, distribution, etc. | 2009. |
| 300 ## - PHYSICAL DESCRIPTION | |
| Extent | xviii, 553 p. : |
| Other physical details | forms ; |
| Dimensions | 28 cm. |
| 500 ## - GENERAL NOTE | |
| General note | Includes bibliographical references and index. |
| 650 #0 - SUBJECT ADDED ENTRY--TOPICAL TERM | |
| Topical term or geographic name as entry element | Civil procedure |
| Geographic subdivision | Ontario. |
| 650 #0 - SUBJECT ADDED ENTRY--TOPICAL TERM | |
| Topical term or geographic name as entry element | Actions and defenses |
| Geographic subdivision | Ontario. |
| 650 #0 - SUBJECT ADDED ENTRY--TOPICAL TERM | |
| Topical term or geographic name as entry element | Civil procedure |
| Geographic subdivision | Ontario |
| Form subdivision | Forms. |
| 650 #0 - SUBJECT ADDED ENTRY--TOPICAL TERM | |
| Topical term or geographic name as entry element | Actions and defenses |
| Geographic subdivision | Ontario |
| Form subdivision | Forms. |
| 650 #6 - SUBJECT ADDED ENTRY--TOPICAL TERM | |
| Topical term or geographic name as entry element | Procédure civile |
| Geographic subdivision | Ontario |
| Form subdivision | Manuels d'enseignement supérieur. |
| 650 #6 - SUBJECT ADDED ENTRY--TOPICAL TERM | |
| Topical term or geographic name as entry element | Actions et défenses |
| Geographic subdivision | Ontario |
| Form subdivision | Manuels d'enseignement supérieur. |
| 650 #6 - SUBJECT ADDED ENTRY--TOPICAL TERM | |
| Topical term or geographic name as entry element | Procédure civile |
| Geographic subdivision | Ontario |
| Form subdivision | Formulaires. |
| 650 #6 - SUBJECT ADDED ENTRY--TOPICAL TERM | |
| Topical term or geographic name as entry element | Actions et défenses |
| Geographic subdivision | Ontario |
| Form subdivision | Formulaires. |
| 700 1# - ADDED ENTRY--PERSONAL NAME | |
| Personal name | Kelly, Mary Ann, |
| Dates associated with a name | 1948- |
| 942 ## - ADDED ENTRY ELEMENTS (KOHA) | |
| Source of classification or shelving scheme | Library of Congress Classification |
| Koha item type | L |
| Withdrawn status | Lost status | Source of classification or shelving scheme | Damaged status | Not for loan | Home library | Current library | Date acquired | Source of acquisition | Total Checkouts | Full call number | Barcode | Date last seen | Price effective from | Koha item type |
|---|---|---|---|---|---|---|---|---|---|---|---|---|---|---|
| Library of Congress Classification | Maasai Mara University Library -Main Campus | Maasai Mara University Library -Main Campus | 01/09/2017 | Donation -T4C | KF8840 .O45 2006 | 16019425 | 01/09/2017 | 01/09/2017 | L | |||||
| Library of Congress Classification | Maasai Mara University Library -Main Campus | Maasai Mara University Library -Main Campus | 02/22/2017 | Donation-T4C | KF8840 .O45 2006 | 17024838 | 02/22/2017 | 02/22/2017 | L |